| 000 | 00516nam a2200193Ia 4500 | ||
|---|---|---|---|
| 005 | 20250508163921.0 | ||
| 008 | 008 250505s9999 xx 000 0 eng d | ||
| 020 | _a0-7456-1209-1 | ||
| 037 | _aTextual | ||
| 040 |
_aFEDL _beng _cFEDL |
||
| 041 |
_aeng _2eng |
||
| 084 |
_a305.3, POL _qFEDL |
||
| 245 | 0 | _aPolity reader in gender studies | |
| 260 |
_aCambridge _bPolity Press _c1994 |
||
| 300 | _a322p. | ||
| 650 | _aSocial Structure | ||
| 942 |
_cTEXL _h305.3, POL |
||
| 999 |
_c1385985 _d1385985 |
||